Canadian business & the law / (Record no. 1395)
[ view plain ]
| 000 -LEADER | |
|---|---|
| fixed length control field | 00918cam a22003014a 4500 |
| 003 - CONTROL NUMBER IDENTIFIER | |
| control field | OSt |
| 005 - DATE AND TIME OF LATEST TRANSACTION | |
| control field | 20210628055434.0 |
| 008 - FIXED-LENGTH DATA ELEMENTS--GENERAL INFORMATION | |
| fixed length control field | 010405s2001 onca 001 0 eng |
| 020 ## - INTERNATIONAL STANDARD BOOK NUMBER | |
| International Standard Book Number | 0176073728 |
| 040 ## - CATALOGING SOURCE | |
| Transcribing agency | DLC |
| 042 ## - AUTHENTICATION CODE | |
| Authentication code | pcc |
| 043 ## - GEOGRAPHIC AREA CODE | |
| Geographic area code | n-cn--- |
| 050 00 - LIBRARY OF CONGRESS CALL NUMBER | |
| Classification number | KE450.B87 |
| Item number | C36 2001 |
| 245 00 - TITLE STATEMENT | |
| Title | Canadian business & the law / |
| Statement of responsibility, etc. | Dorothy Duplessis ... [et al.]. |
| 260 ## - PUBLICATION, DISTRIBUTION, ETC. | |
| Place of publication, distribution, etc. | Scarborough, Ont. : |
| Name of publisher, distributor, etc. | Nelson Thomson Learning, |
| Date of publication, distribution, etc. | c2001. |
| 300 ## - PHYSICAL DESCRIPTION | |
| Extent | xxvii, 705 p. : |
| Other physical details | col. ill. ; |
| Dimensions | 26 cm. |
| 500 ## - GENERAL NOTE | |
| General note | Includes index. |
| 650 #0 - SUBJECT ADDED ENTRY--TOPICAL TERM | |
| Topical term or geographic name entry element | Commercial law |
| Geographic subdivision | Canada. |
| 700 1# - ADDED ENTRY--PERSONAL NAME | |
| Personal name | DuPlessis, Dorothy, |
| Dates associated with a name | 1955- |
| 906 ## - LOCAL DATA ELEMENT F, LDF (RLIN) | |
| a | 7 |
| b | cbc |
| c | origres |
| d | 2 |
| e | ncip |
| f | 20 |
| g | y-gencatlg |
| 942 ## - ADDED ENTRY ELEMENTS (KOHA) | |
| Source of classification or shelving scheme | |
| Koha item type | Book |
| Suppress in OPAC | MM |
| Withdrawn status | Lost status | Source of classification or shelving scheme | Damaged status | Not for loan | Permanent Location | Current Location | Shelving location | Date acquired | Total Checkouts | Full call number | Barcode | Date last seen | Price effective from | Koha item type | Public note |
|---|---|---|---|---|---|---|---|---|---|---|---|---|---|---|---|
| AU LIBRARY | AU LIBRARY | Open Shelf | 28.06.2021 | KE450.B87 C36 2001 | 28002810 | 28.06.2021 | 28.06.2021 | Book | MM |